Invertebrados fósiles
Saved in:
| Hovedforfatter: | |
|---|---|
| Format: | Bog |
| Sprog: | spansk |
| Udgivet: |
Buenos Aires
EUDEBA
1966
|
| Serier: | Manuales de EUDEBA. Ciencias Naturales
|
| Fag: | |
| Tags: |
Tilføj Tag
Ingen Tags, Vær først til at tagge denne postø!
|
MARC
| LEADER | 00000nam a2200000 a 4500 | ||
|---|---|---|---|
| 001 | UCY3062 | ||
| 003 | CL-VaPUC | ||
| 008 | 941209e19660000AG |||||||||||||||||spa|d | ||
| 082 | 0 | 4 | |a 562 |b CAM |2 21 |
| 100 | 0 | |a Camacho, Horacio H |e author |9 331254 | |
| 245 | 1 | 0 | |a Invertebrados fósiles |
| 300 | |a 707 p | ||
| 942 | |c BK | ||
| 945 | |d 19941209 00:00:00 |a mfernand | ||
| 260 | |a Buenos Aires |b EUDEBA |c 1966 | ||
| 650 | 7 | |a INVERTEBRADOS FOSILES |2 CL-VaPUC |9 331255 | |
| 583 | |a last modification |c 19941209 00:00:00 |k Rodrigo Vera | ||
| 490 | 0 | |a Manuales de EUDEBA. Ciencias Naturales | |
| 999 | |c 231305 |d 231303 | ||
| 952 | |0 0 |1 0 |4 0 |6 562_000000000000000_CAM_1966 |7 0 |8 CCM |9 234411 |a BIBCUR |b BIBCUR |d 2019-11-15 |i 3032809 |l 2 |o 562 CAM 1966 |p 3032809 |r 2025-04-22 |s 2024-03-14 |w 2019-11-15 |y BK |k CIM | ||